La flor de la maravilla (Record no. 163817)

MARC details
000 -LEADER
campo de control de longitud fija 01151nam a22002175i 4500
001 - NÚMERO DE CONTROL
campo de control 163817
003 - IDENTIFICADOR DE NÚMERO DE CONTROL
campo de control ES-MaACL
005 - FECHA Y HORA DE LA ÚLTIMA TRANSACCIÓN
campo de control 20250929063239.0
008 - DATOS DE LONGITUD FIJA--INFORMACIÓN GENERAL
campo de control de longitud fija 010511s1851 sp |||| | spa d
040 ## - FUENTE DE CATALOGACIÓN
Centro catalogador/agencia de origen CAM
Lengua de catalogación spa
Centro/agencia transcriptor CAM
100 1# - ENTRADA PRINCIPAL--NOMBRE DE PERSONA
Nombre de persona Rodríguez Rubí, Tomás,
Fechas asociadas al nombre 1817-1890
9 (RLIN) 131953
245 13 - MENCIÓN DEL TÍTULO
Título La flor de la maravilla
Resto del título : comedia en tres actos /
Mención de responsabilidad, etc. original de Tomas Rodriguez Rubi.
260 ## - PUBLICACIÓN, DISTRIBUCIÓN, ETC.
Lugar de publicación, distribución, etc. Madrid :
Nombre del editor, distribuidor, etc. [Circulo Literario Comercial],
Fecha de publicación, distribución, etc. 1851 (
Fabricante Imprenta a cargo de C. Gonzalez)
300 ## - DESCRIPCIÓN FÍSICA
Extensión 71 p. ;
Dimensiones 21 cm.
490 1# - MENCIÓN DE SERIE
Mención de serie La España dramatica : coleccion de obras representadas con aplauso en los teatros de la corte ;
Designación de volumen o secuencia 147
500 ## - NOTA GENERAL
Nota general En port.: Representado en el Teatro de la Comedia en Junio de 851.
596 ## - NOTA AL PIE DE IMPRENTA
NOTA AL PIE DE IMPRENTA Ed. y serie tomado de cub.
830 03 - PUNTO DE ACCESO ADICIONAL DE SERIE-TÍTULO UNIFORME
Título uniforme La España dramática: colección de obras representadas con aplauso en los teatros de la corte
Designación de volumen o secuencia 147
9 (RLIN) 187776
852 ## - LOCALIZACIÓN
Ubicación ES-MaACL
Número de control de estantería F-8585(6)
Nota libre -- Enc. pasta española
-- -- Enc. en un vol. facticio, formando parte de la col. facticia: "Teatro español moderno", vol. 38
Encuadernación -- Edic.: dato de editor y de serie deben constar en la cub.
Holdings
Estatus retirado Estado de pérdida Estado de daño No para préstamo Colección Biblioteca de origen Biblioteca actual Ubicación en estantería Fecha de adquisición Total de préstamos Signatura topográfica completa Código de barras Visto por última vez Precio de reemplazo Tipo de ítem Koha
        Libros del s. XIX Biblioteca del Ateneo de Madrid Biblioteca del Ateneo de Madrid Sala Pecera Planta 2 17/01/2008   F-8585(6) 1171678 23/02/2023 23/02/2023 Libro impreso antiguo